Statistiques concernant Présidents de la France

Cliquez ici pour prendre le quiz!

Statistiques générales

  • Ce quiz a été pris 56,454 fois
    (27,174 depuis la dernière actualisation)
  • Le résultat moyen est 13 sur 25

Statistiques - réponses

République Mandat Président % Correct
Cinquième2017-Emmanuel Macron
99%
Cinquième2012-2017François Hollande
99%
Cinquième2007-2012Nicolas Sarkozy
97%
Cinquième1995-2007Jacques Chirac
96%
Cinquième1959-1969Charles de Gaulle
95%
Cinquième1981-1995François Mitterrand
92%
Cinquième1974-1981Valéry Giscard d'Estaing
89%
Cinquième1969-1974Georges Pompidou
85%
Deuxième1848-1852Louis-Napoléon Bonaparte
67%
Quatrième1954-1959René Coty
55%
Troisième1913-1920Raymond Poincaré
38%
Troisième1895-1899Félix Faure
37%
Troisième1871-1873Adolphe Thiers
37%
Quatrième1947-1954Vincent Auriol
35%
Troisième1873-1879Patrice de Mac-Mahon
34%
Troisième1887-1894Marie François Sadi Carnot
33%
Troisième1931-1932Paul Doumer
31%
Troisième1920Paul Deschanel
29%
Troisième1932-1940Albert Lebrun
28%
Troisième1924-1931Gaston Doumergue
28%
Troisième1920-1924Alexandre Millerand
27%
Troisième1879-1887Jules Grévy
24%
Troisième1894-1895Jean Casimir-Perier
23%
Troisième1899-1906Émile Loubet
21%
Troisième1906-1913Armand Fallières
20%

Distribution des résultats

Percentile by Number Answered

% des personnes avec chaque résultat

Votre développement - résultats

Vous n’avez pas pris ce quiz depuis la dernière actualisation